Manchester United Footballers Of XXI Century Quiz - Statistics

General Stats
  • This quiz has been taken 1,405 times
    1,131 since last reset
  • The average score is 21 of 29
Answer Stats
Nation Position Years in MUFC Former Clubs Clubs after MU (if there isn't any club, it's the year of retirement) Current Status (2019/20 season) Answer % Correct
Portugal RM 2003-2009 Sporting Lisbon Real Madrid, Juventus Active Cristiano Ronaldo
95%
England RM 1992-2003 - Real Madrid, PSG, LA Galaxy, Milan Retired David Beckham
95%
Ireland CM 1993-2005 Nottingham Forrest Celtic Retired Roy Keane
86%
Argentina ST 2007-2009 Boca Juniors, Corinthians, West Ham Man City, Juventus, Boca Juniors, Shanghai Shenhua, Boca Juniors (2) Active Carlos Tevez
84%
Bulgaria ST 2008-2012 CSKA Sofia, Bayer 04 Leverkusen, Tottenham Fulham, Monaco, PAOK, Kerala Retired Dimitar Berbatov
84%
Portugal RW 2007-2015 Sporting Lisbon Sporting Lisbon, Fenerbahce, Valencia, Sporting Lisbon (2), Orlando City Active Luis Nani
82%
Serbia CB 2006-2014 Red Star Belgrade, Spartak Subotica, Spartak Moscow Inter Milan Retired Nemanja Vidic
82%
England ST, CAM 2004-2017 Everton Everton, D.C. United, Derby County Retired Wayne Rooney
82%
France LB 2006-2014 Nice, Monaco Juventus, Olimpique Marseille, West Ham United Retired Patrice Evra
81%
Netherlands ST 2012-2015 Feyenoord, Arsenal Fenerbahce, Feyenoord Retired Robin van Persie
80%
Netherlands GK 2005-2011 Ajax, Juventus, Fulham 2011 Retired Edwin van der Sar
79%
Sweden ST 2016-2018 Malmo, Ajax, Juventus, Inter Milan, Barcelona, AC Milan, PSG LA Galaxy, AC Milan Active Zlatan Ibrahimovic
79%
Netherlands ST 2001-2007 Heerenveen, PSV Real Madrid, Hamburg, Malaga Retired Ruud van Nistelrooy
78%
Belgium CM, CDM 2013-2019 Standard Liege, Everton Shandong Luneng Active Marouane Fellaini
77%
England ST 2009-2011 Liverpool, Real Madrid, Newcastle United Stoke City Retired Michael Owen
76%
Spain CB 2004-2008 Barcelona Real Zaragoza, Barcelona Active Gerard Pique
73%
Norway ST 1995-2007 Molde 2007 Retired Ole-Gulnar Solskjaer
73%
Mexico ST 2010-2015 Chivas Guadalajara Real Madrid, Bayer 04 Leverkusen, West Ham United, Sevilla, LA Galaxy Active Javier "Chicharito" Hernandez
71%
Japan CAM 2012-2014 Cerezo Osaka, Borussia Dortmund Borussia Dortmund, Besiktas, Real Zaragoza Active Shinji Kagawa
69%
England LW, RM, LB 2011-2019 Watford, Aston Villa Inter Milan Active Ashley Young
67%
United States GK 2003-2007 North Jersey Imperials, MetroStars Everton, Colorado Rapids, Memphis 901 Active Tim Howard
65%
Uruguay ST 2002-2004 Independiente Villarreal, Atlético Madrid, Inter Milan, Internacional (Porto-Alegre), Cerezo Osaka, Peñarol, Mumbai City, Kitchee Retired Diego Forlán
64%
South Korea CM 2005-2012 Kyoto Purple Sanga, PSV QPR, PSV Retired Park Ji-Sung
64%
Armenia CAM, LW 2016-2018 Pyunik Yerevan, Metallurg Donetsk, Shakhtar Donetsk, Borussia Dortmund Arsenal, AS Roma Active Henrick Mkhitaryan
61%
Spain CM 2014-2019 Real Zaragoza, Athletic Bilbao PSG Active Ander Herrera
60%
England CM 2006-2018 West Ham United, Tottenham 2018 Retired Michael Carrick
58%
Scotland CM 2003-2015 - West Bromwich Albion, Stoke City Retired Darren Fletcher
55%
England (was born in Canada) CM 2007-2011 Bayern Munich Man City Retired Owen Hargreaves
50%
France ST, CF 2004-2008 Metz, Everton, Fulham Tottenham, Sunderland, Lazio Retired Louis Saha
45%
No matching quizzes found
Score Distribution
Percent of People with Each Score
Percentile by Number Answered
Your Score History
You have not taken this quiz since the last reset